| 000 | 00873cam a2200265 a 4500 | ||
|---|---|---|---|
| 001 | 000019330 | ||
| 005 | 20200929170003.0 | ||
| 008 | 791023s1969 sp 001 d spa d | ||
| 040 |
_aDO-SdBNP _bspa _cDLC _dBNPHU |
||
| 082 |
_a862.6 _bM149L, 1969 |
||
| 100 | 1 |
_aMachado, Manuel, _d1874-1947 _93293 |
|
| 245 | 1 | 3 |
_aLa Lola se va a los puertos / _cManuel y Antonio Machado. |
| 250 | _a3a ed. | ||
| 260 |
_aMadrid : _bEspasa-Calpe, _c1969. |
||
| 300 |
_a222, [16] p. ; _c18 cm. |
||
| 490 | 1 |
_aAustral. Violeta: teatro y poesía _v1011 |
|
| 650 | 4 |
_aTeatro español _93071 |
|
| 650 | 4 |
_aLiteratura española _9632 |
|
| 700 | 1 |
_aMachado, Antonio, _d1875-1939 _924735 |
|
| 740 | 0 | _aDesdichas de la fortuna o Julianillo Valcárcel / | |
| 830 | 0 |
_aAustral. _pVioleta: teatro y poesía; _v1011 _939559 |
|
| 910 | _aCatalogación derivada / LC | ||
| 910 | _aWM | ||
| 049 | _aBNGR | ||
| 999 |
_c18847 _d18847 |
||